000 00837nam a22002177a 4500
003 DO-SdBNP
005 20171127142434.0
008 171127b xx sp ||||| |||| 00| 0 spa d
040 _aBPMSU
_bspa
_cBPMSU
092 _axxxx
_bxxxx
100 1 _aCarreño, Manuel Antonio,
_d1812-1874.
245 1 0 _aManual de urbanidad y buenas maneras :
_bde consulta indispensable para niños, jovenes y adultos /
_cManuel Antonio Carreño ; revisión general Ángel A. Carrodeguas , ilustración y textos de recuadros Patricias L. Blanco.
250 _a2a ed.
260 _aPanama :
_bAméricas,
_c197-?
300 _a432 p. :
_bil. ;
_c21 cm.
500 _aIncluye datos biográficos del autor
700 1 2 _aBlanco, Patricias L.
_eil.
942 _2ddc
_cBK
945 _aInventariado 2017/ LP
956 _aLOPEREZ
_b10
_c20171127
_d0041
999 _c13136
_d13136